Šnek je pomalý, ale nikdy nemá zpoždění /
Už vás někdy napadlo, že šnek, který se pohybuje pomalu, nikdy nedorazí na konec cesty? Už jste ho někdy chtěli popadnout a přemístit ho blíže k cíli? Nejen v Koreji, odkud autorka pochází, ale v celém našem moderním světě je rychlé a pohotové jednání obvykle spojováno s pílí, inteligencí a úspěchem...
Uloženo v:
| Hlavní autor: | |
|---|---|
| Médium: | E-kniha |
| Jazyk: | Czech |
| Vydáno: |
Praha :
Nakladatelství JOTA, s.r.o.,
2026
|
| Tagy: |
Žádné tagy |
| LEADER | 02616nam a22002297i 4500 | ||
|---|---|---|---|
| 001 | 313804 | ||
| 007 | ta | ||
| 008 | 260618s2026 xr ||||| |||| 00| 0 cze d | ||
| 020 | |a 9788076898219 | ||
| 044 | |a xr | ||
| 100 | 1 | |a Jung-mok, |4 aut | |
| 245 | 1 | 0 | |a Šnek je pomalý, ale nikdy nemá zpoždění / |c Jung-mok, |
| 240 | 1 | 0 | |a The Snail is Slow But Never Late: Meditations on Finding Joy in the Present Moment |
| 264 | 1 | |a Praha : |b Nakladatelství JOTA, s.r.o., |c 2026 | |
| 300 | |a 1 online zdroj (256 stran) | ||
| 336 | |a text |b txt |2 rdacontent | ||
| 337 | |a bez média |b n |2 rdamedia | ||
| 338 | |a online zdroj |b cr |2 rdacarrier | ||
| 520 | 2 | |a Už vás někdy napadlo, že šnek, který se pohybuje pomalu, nikdy nedorazí na konec cesty? Už jste ho někdy chtěli popadnout a přemístit ho blíže k cíli? Nejen v Koreji, odkud autorka pochází, ale v celém našem moderním světě je rychlé a pohotové jednání obvykle spojováno s pílí, inteligencí a úspěchem. Pomalé tempo naopak s leností a nedostatečným úsilím. Základní pravda vesmíru je však ta, že v pomalém je obsaženo rychlé a v rychlém zase pomalé. Všechno je vzájemně propojeno a jedno bez druhého nemůže existovat. Tato filozofie nás vybízí nahlédnout trochu jiným způsobem nejen na svět a ostatní lidi, ale také na sebe samé. Kniha Šnek je pomalý, ale nikdy nemá zpoždění přináší útěchu a klid. Její autorka, buddhistická mniška Jung-mok, nás učí, jak zpomalit a osvobodit se od stresu, který provází náš život v moderním světě plném shonu. Prostřednictvím příběhů z říše přírody, inspirovaných buddhistickou filozofií, se s námi Jung-mok podělí o svou laskavou moudrost a nabídne jednoduchá cvičení, jež nám pomohou žít šťastněji. Knížka vám otevře oči, abyste uviděli krásu, která nás obklopuje, a dokázali najít vnitřní mír a klid. Podle lidských měřítek je rychlost šneka směšně malá. Podle měřítek světa je ale prostě dokonalá. Sbírka krátkých příběhů a moudrých jednohubek od korejské buddhistické mnišky Jung-mok nás vybízí, abychom více vnímali okolní svět, a radí, jak dosáhnout štěstí a spokojenosti. | |
| 910 | |a RBIT002 | ||
| 998 | |d 427829 |a https://core.palmknihy.cz/api/books/427829/cover?tgrp7t |b https://core.palmknihy.cz/api/books/427829/cover/400?tgrp7t |c https://core.palmknihy.cz/api/books/427829/cover/50?tgrp7t |e 2030-10-09 |g 256 |i 9788076898219 |j https://core.palmknihy.cz/api/books/427829/preview.epub |l |q 49 |r 1 |s https://www.palmknihy.cz/kniha/427829 |t ebook |y 2026 |z 1 | ||
| 999 | |d 313802 | ||